000 00288nam a22001337a 4500
008 170824b xxu||||| |||| 00| 0 eng d
020 _a070602166
041 _aeng
080 _a51
100 _a38
101 _aMAT
245 _aADVANCED MATHEMATICS
_cSPIEGEL.M.R
942 _2udc
_cBK
999 _c24936
_d24936